اردو ہندی ہندوستانی / (Record no. 108659)

MARC details
000 -LEADER
fixed length control field 00706nam a22002417a 4500
005 - DATE AND TIME OF LATEST TRANSACTION
control field 20170123162343.0
010 ## - LIBRARY OF CONGRESS CONTROL NUMBER
LC control number A-645380
020 ## - INTERNATIONAL STANDARD BOOK NUMBER
Terms of availability 40.00
035 ## - SYSTEM CONTROL NUMBER
System control number A-645380
037 ## - SOURCE OF ACQUISITION
Source of stock number/acquisition Cen Lib/Ret
040 ## - CATALOGING SOURCE
Original cataloging agency DPL
Language of cataloging UR
082 ## - DEWEY DECIMAL CLASSIFICATION NUMBER
Classification number 440
Item number ا ر د
245 ## - TITLE STATEMENT
Title اردو ہندی ہندوستانی /
246 ## - VARYING FORM OF TITLE
Title proper/short title Urdu hindi hindustani /
260 ## - PUBLICATION, DISTRIBUTION, ETC. (IMPRINT)
Place of publication, distribution, etc پٹنہ
Name of publisher, distributor, etc خدا بخش ورئیےنٹل پبلک لائبریری
Date of publication, distribution, etc 1993
270 ## - ADDRESS
City پٹنہ
300 ## - PHYSICAL DESCRIPTION
Extent 228p.
Dimensions 21cm(Hb)
650 ## - SUBJECT ADDED ENTRY--TOPICAL TERM
Topical term or geographic name as entry element اردو زبان
9 (RLIN) 129453
650 ## - SUBJECT ADDED ENTRY--TOPICAL TERM
Topical term or geographic name as entry element ہندی زبان
9 (RLIN) 129454
650 ## - SUBJECT ADDED ENTRY--TOPICAL TERM
Topical term or geographic name as entry element Urdu language
9 (RLIN) 129455
650 ## - SUBJECT ADDED ENTRY--TOPICAL TERM
Topical term or geographic name as entry element Hindi language
9 (RLIN) 9446
942 ## - ADDED ENTRY ELEMENTS (KOHA)
Source of classification or shelving scheme Dewey Decimal Classification
Koha item type Urdu Bks
Classification part 440
Call number suffix ا ر د
Holdings
Withdrawn status Lost status Damaged status Not for loan Home library Current library Date acquired Source of acquisition Cost, normal purchase price Total Checkouts Full call number Barcode Date last seen Copy number Cost, replacement price Price effective from Koha item type
        Central Library Central Library 01/02/2016 Cen Lib/Ret 40.00   440 ا ر د A-645380 01/02/2016 1 40.00 01/02/2016 Urdu Bks

© Delhi Public Library
Hit Counter
free hit counter